| 000 | 00641nam a2200205 a 4500 | ||
|---|---|---|---|
| 005 | 20240228063910.0 | ||
| 008 | 080220s2003 es r 000 0 spa d | ||
| 020 | _a848470100X | ||
| 035 | _aUPN01000154345 | ||
| 049 | _aI | ||
| 050 | 4 |
_aPZ76.3 _bS6.6 |
|
| 100 | 1 |
_aSolotareff, Grégoire, _d1953- _930172 |
|
| 245 | 1 | 1 |
_a¡Qué más quisieras! / _cGrégoire Solotareff ; tr. Paula Vicens. |
| 260 |
_aBarcelona, Esp. : _bCorimbo, _c2003. |
||
| 300 |
_a[26] p. : _bil. |
||
| 534 |
_pTraducción de: _tNon mais ca va pas? |
||
| 650 | 0 |
_aAnimales _vCuentos y leyendas _9234 |
|
| 650 | 4 |
_aLibros y lectura para niños _92290 |
|
| 905 | _aInfantil | ||
| 999 |
_c126462 _d126462 |
||